<?xml version="1.0" encoding="UTF-8"?>
<record
    xmlns:xsi="http://www.w3.org/2001/XMLSchema-instance"
    xsi:schemaLocation="http://www.loc.gov/MARC21/slim http://www.loc.gov/standards/marcxml/schema/MARC21slim.xsd"
    xmlns="http://www.loc.gov/MARC21/slim">

  <leader>01558    a2200229   4500</leader>
  <controlfield tag="001">41190</controlfield>
  <controlfield tag="005">20260407155705.0</controlfield>
  <controlfield tag="008">260407a2000    arg                 spa d</controlfield>
  <controlfield tag="003">AR-UNSa-BCEJYS</controlfield>
  <datafield tag="040" ind1=" " ind2=" ">
    <subfield code="a">AR-UNSa-BCEJYS</subfield>
    <subfield code="b">spa</subfield>
    <subfield code="c">AR-UNSa-BCEJYS</subfield>
  </datafield>
  <datafield tag="080" ind1=" " ind2=" ">
    <subfield code="a">347.736</subfield>
    <subfield code="x">Quiebra. Insolvencia. Suspensi&#xF3;n de pagos. Bancarrota, procedimientos. Derecho Concursal</subfield>
  </datafield>
  <datafield tag="245" ind1="1" ind2="0">
    <subfield code="a">La protecci&#xF3;n de los terceros en las sociedades y en los concursos</subfield>
  </datafield>
  <datafield tag="020" ind1=" " ind2=" ">
    <subfield code="a">950-894-234-7</subfield>
  </datafield>
  <datafield tag="264" ind1=" " ind2="1">
    <subfield code="a">Buenos Aires :</subfield>
    <subfield code="b">AD-HOC</subfield>
    <subfield code="c">2000</subfield>
  </datafield>
  <datafield tag="300" ind1=" " ind2=" ">
    <subfield code="a">511 p.</subfield>
    <subfield code="c">23 cm.</subfield>
  </datafield>
  <datafield tag="505" ind1=" " ind2=" ">
    <subfield code="a">1. Desestimaci&#xF3;n e inoponibilidad de la persona jur&#xED;dica - 2. Presentaci&#xF3;n y responsabilidad. Socios, administradores y controlantes - 3. Otros institutos de tutela societaria - 4. Capital, aporte e infracapitalizaci&#xF3;n - 5. Acreedores - 6. Actuaci&#xF3;n de la sociedad extranjera en fraude a la Ley - 7. Nulidades societarias. Decisiones asamblearias nulas y los terceros - 8. Concurso preventivo del agrupamiento - 9. Verificaci&#xF3;n de cr&#xE9;ditos, justificaci&#xF3;n de la legitimaci&#xF3;n del fallido y oponibilidad de la cosa juzgada - 10. Ineficacia y recomposici&#xF3;n patrimonial - 11. Tutela de los trabajadores, otros institutos de tutela en el concurso preventivo y la quiebra - 12. Cramdown - 13. Extensi&#xF3;n de la quiebra - 14. Responsabilidad de administradores y terceros</subfield>
  </datafield>
  <datafield tag="041" ind1=" " ind2=" ">
    <subfield code="a">spa</subfield>
  </datafield>
  <datafield tag="942" ind1=" " ind2=" ">
    <subfield code="c">BK</subfield>
  </datafield>
  <datafield tag="590" ind1=" " ind2=" ">
    <subfield code="a">niveau_biblio:m niveau_hierar:0</subfield>
  </datafield>
  <datafield tag="100" ind1="1" ind2=" ">
    <subfield code="a">V&#xED;tolo, Daniel Roque</subfield>
  </datafield>
  <datafield tag="856" ind1="4" ind2="1">
    <subfield code="u">https://biblioeco.unsa.edu.ar/pmb/images/libros/L126421.jpg</subfield>
    <subfield code="y">Imagen de portada</subfield>
    <subfield code="q">image/jpeg</subfield>
  </datafield>
  <datafield tag="999" ind1=" " ind2=" ">
    <subfield code="c">3410</subfield>
    <subfield code="d">3410</subfield>
  </datafield>
  <datafield tag="952" ind1=" " ind2=" ">
    <subfield code="0">0</subfield>
    <subfield code="1">0</subfield>
    <subfield code="4">0</subfield>
    <subfield code="7">0</subfield>
    <subfield code="a">BCEJYS</subfield>
    <subfield code="b">BCEJYS</subfield>
    <subfield code="c">16</subfield>
    <subfield code="d">2026-04-07</subfield>
    <subfield code="l">0</subfield>
    <subfield code="o">347.736 V845p</subfield>
    <subfield code="p">L126421</subfield>
    <subfield code="r">2026-04-07 15:57:05</subfield>
    <subfield code="w">2026-04-07</subfield>
    <subfield code="y">L</subfield>
  </datafield>
  <datafield tag="952" ind1=" " ind2=" ">
    <subfield code="0">0</subfield>
    <subfield code="1">0</subfield>
    <subfield code="4">0</subfield>
    <subfield code="7">0</subfield>
    <subfield code="a">BCEJYS</subfield>
    <subfield code="b">BCEJYS</subfield>
    <subfield code="c">16</subfield>
    <subfield code="d">2026-04-07</subfield>
    <subfield code="l">0</subfield>
    <subfield code="o">347.736 V845p</subfield>
    <subfield code="p">L126470</subfield>
    <subfield code="r">2026-04-07 15:57:05</subfield>
    <subfield code="w">2026-04-07</subfield>
    <subfield code="y">L</subfield>
  </datafield>
</record>
